Finish the Movie Title X Quiz Stats

 Plays Quiz Updated Jul 28, 2018

Challenge
Share
Tweet
Embed
Score 0/40 Timer 05:00
11 Plays Today
Start of Title Last Word % Correct
The Wolf of Wall...Street
96%
Iron...Man
95.6%
Terminator 2: Judgment...Day
94.7%
Men in...Black
94.6%
Schindler's...List
93.8%
Pulp...Fiction
93.8%
V for...Vendetta
90.3%
Star Wars: The Force...Awakens
90.1%
Django...Unchained
89.6%
The Butterfly...Effect
85.8%
Raging...Bull
85.7%
Paranormal...Activity
85.1%
Dazed and...Confused
85%
American History...X
84.5%
Trading...Places
79.7%
Cabin...Fever
79.3%
Weekend at...Bernie's
79.2%
Dawn of the...Dead
79.1%
Freddy vs...Jason
75.7%
Gran...Torino
74%
Start of Title Last Word % Correct
Mystic...River
73.8%
Point...Break
73.2%
A Good Day to Die...Hard
70%
The Boondock...Saints
62.5%
Transformers: Dark of the...Moon
62.4%
Kingsman: The Secret...Service
62.1%
I Am...Legend
58.8%
Assault on Precinct...13
52.7%
The Last Boy...Scout
52%
October...Sky
47.6%
The Last...Samurai
46.1%
Brian's...Song
44.2%
Get...Out
41.6%
The Mothman...Prophecies
36.3%
Defending Your...Life
33%
Super...Troopers
24.5%
The Dark...Tower
20.3%
End of...Watch
15.7%
Beautiful...Girls
13.3%
Secret...Window
11.6%

You're not logged in!

Compare scores with friends on all Sporcle quizzes.
Join for Free
OR
Log In

You Might Also Like...

Show Comments

Extras

Top Quizzes Today


Score Distribution

Your Account Isn't Verified!

In order to create a playlist on Sporcle, you need to verify the email address you used during registration. Go to your Sporcle Settings to finish the process.

Report this User

Report this user for behavior that violates our Community Guidelines.

Details: